MARC

LEADER 00000naa2a2200000 4500
001 624379
005 20251031104233.0
035 |a (RuTPU)RU\TPU\conf\23639 
035 |a RU\TPU\conf\23638 
090 |a 624379 
100 |a 20171121d2017 k y0rusy50 ca 
101 0 |a rus 
102 |a RU 
105 |a y z 101zy 
135 |a drgn ---uucaa 
181 0 |a i  
182 0 |a b 
200 1 |a Напряжения в покрытии микротоплива  |f И. В. Шаманин, С. В. Беденко, В. В. Кнышев 
203 |a Текст  |c электронный 
225 1 |a Применение изотопов в фундаментальных, прикладных физико-химических исследованиях и медицине. Получение изотопно-модифицированных материалов 
300 |a Заглавие с экрана 
320 |a [Библиогр.: с. 66 (8 назв.)] 
463 0 |0 (RuTPU)RU\TPU\conf\23567  |t Изотопы: технологии, материалы и применение  |o материалы IV Международной научной конференции молодых ученых, аспирантов и студентов, г. Томск, 30 октября - 3 ноября 2017 г.  |f Национальный исследовательский Томский политехнический университет (ТПУ)  |v [С. 66]  |d 2017 
610 1 |a электронный ресурс 
610 1 |a напряжения 
610 1 |a покрытия 
610 1 |a микротопливо 
610 1 |a топливные таблетки 
610 1 |a эксплуатационные параметры 
610 1 |a ядерное горючее 
610 1 |a труды учёных ТПУ 
700 1 |a Шаманин  |b И. В.  |c российский физик-ядерщик, специалист в области атомной энергетики  |c профессор Томского политехнического университета, доктор физико-математических наук  |f 1962-  |g Игорь Владимирович  |3 (RuTPU)RU\TPU\pers\22022 
701 1 |a Беденко  |b С. В.  |c физик  |c доцент Томского политехнического университета, кандидант физико-математических наук  |f 1980-  |g Сергей Владимирович  |3 (RuTPU)RU\TPU\pers\25456  |9 11395 
701 1 |a Кнышев  |b В. В.  |c физик  |c инженер-исследователь Томского политехнического университета  |f 1993-  |g Владимир Владимирович  |3 (RuTPU)RU\TPU\pers\37039  |9 20054 
712 0 2 |a Национальный исследовательский Томский политехнический университет  |c (2009- )  |9 26305 
801 2 |a RU  |b 63413507  |c 20171123  |g RCR 
850 |a 63413507 
856 4 |u http://earchive.tpu.ru/handle/11683/44124 
942 |c BK